[Event "BEL-ch U16"]
[Site "Blankenberge"]
[Date "2014.04.15"]
[Round "4"]
[White "Partoens, Remi"]
[Black "Van Cauwenbergh, Maxim"]
[Result "1-0"]
[WhiteElo "1459"]
[BlackElo "1569"]
[PlyCount "89"]
[EventDate "2014.04.??"]
[EventType "swiss"]
[EventRounds "9"]
[EventCountry "BEL"]
[SourceTitle "EXT 2015"]
[Source "ChessBase"]
[SourceDate "2014.11.20"]
[SourceVersion "1"]
[SourceVersionDate "2014.11.20"]
[SourceQuality "1"]

1. e4 c5 2. Nf3 Nc6 3. Bb5 g6 4. d4 Bg7 5. Be3 e6 6. 0-0 Nge7 7. c3 0-0 8. dxc5 a6 9. Bc4 Ne5 10. Nxe5 Bxe5 11. Bd4 Qc7 12. Nd2 Nc6 13. Nf3 Rb8 14. Nxe5 Nxe5 15. Bxe5 Qxe5 16. Qd6 Qxd6 17. cxd6 b5 18. Bd3 f6 19. Rfe1 Rb6 20. e5 fxe5 21. Rxe5 Rxd6 22. Be2 Rd2 23. Rb1 Rf5 24. Rxf5 exf5 25. Bf3 d5 26. b3 Be6 27. Rd1 Rxa2 28. h3 Rb2 29. Ra1 Rxb3 30. Rxa6 Bf7 31. Ra8+ Kg7 32. Ra7 Kg8 33. Ra8+ Kg7 34. Ra7 Kg8 35. Rxf7 Kxf7 36. Bxd5+ Kf6 37. Bxb3 Ke5 38. c4 bxc4 39. Bxc4 h6 40. g3 g5 41. Bf7 Kf6 42. Bh5 f4 43. gxf4 gxf4 44. h4 Ke5 45. f3 1-0